| Tag |
First Indicator |
Second Indicator |
Subfields |
| LEADER |
00000cam a2200000 4500 |
| 001 |
in00000099993 |
| 005 |
20150926125644.0 |
| 008 |
800403s1963 laua b s00010 eng d |
| 010 |
|
|
|a 63064120
|
| 035 |
|
|
|a (OCoLC)06163902
|
| 035 |
|
|
|9 AAL4158AM
|
| 040 |
|
|
|a TXA
|c TXA
|d UtOrBLW
|
| 049 |
|
|
|a TXAM
|c [1011481]
|
| 090 |
|
|
|a TA7
|b .L6 no. 72
|
| 100 |
1 |
|
|a Sutarwala, Zafar Kaiyum.
|
| 245 |
1 |
2 |
|a A formula for the allocation of maintenance funds for highways using a mathematical model to predict maintenance costs /
|c by Zafar Kaiyum Sutarwala and Lawrence Mann, Jr. This research was conducted by Louisiana State University, Engineering Experiment Station for Louisiana Dept. of Highways and Bureau of Public Roads, Baton Rouge, Louisiana.
|
| 264 |
|
1 |
|a Baton Rouge :
|b Louisiana State University and Agricultural and Mechanical College,
|c 1963.
|
| 300 |
|
|
|a vii, 20 pages :
|b tables.
|
| 336 |
|
|
|a text
|b txt
|2 rdacontent
|
| 337 |
|
|
|a unmediated
|b n
|2 rdamedia
|
| 338 |
|
|
|a volume
|b nc
|2 rdacarrier
|
| 490 |
1 |
|
|a Louisiana State University. Engineering Experiment Station. Bulletin no. 72
|
| 500 |
|
|
|a Errata leaf inserted.
|
| 504 |
|
|
|a Bibliography: page 17.
|
| 650 |
|
0 |
|a Roads
|x Estimates and costs.
|
| 650 |
|
0 |
|a Roads
|x Maintenance and repair.
|
| 700 |
1 |
|
|a Mann, Lawrence.
|
| 830 |
|
0 |
|a Engineering research bulletin ;
|v no. 72.
|
| 999 |
|
|
|a MARS
|
| 999 |
f |
f |
|s 147123f9-c3ef-3d90-8eb8-034b77cd0322
|i 369674cd-f131-3ee2-9a1e-8846550b5a71
|t 0
|
| 952 |
f |
f |
|p ric
|a Texas A&M University
|b Rellis Campus
|c Joint Library Facility
|d Remote Storage
|t 0
|e TA7 .L6 no.72
|h Library of Congress classification
|i unmediated -- volume
|m A14805285929
|
| 998 |
f |
f |
|a TA7 .L6 no.72
|t 0
|l Remote Storage
|